000 00817nam a22002417a 4500
003 UA-OsUOA
001 47792
007 ta
008 20120920b un ||||| |||| 00| 0 ukr d
100 _aМостович О.
090 _a82-94
_bМ84
942 _cBK
040 _aUA-OsUOA
_bukr
_cUA-OsUOA
_dUA-OsUOA
245 _aСтежками долі. Україна. Західня Европа. Америка.
_bСпомини, роздуми, рефлексії.
300 _a254 с.
955 _a1
041 _aukr
080 _a82-94
260 _aК.
_bЛітературна Україна
_c2012
650 7 _a82 Література. Літературознавство
_2UDC
999 _c427866
_d427866